000 00541nam a2200181Ia 4500
003 GCL
008 140319s9999 xx 000 0 ara d
040 _aGCL /
_cGCL
082 0 4 _a813.008
_bم ك
100 1 _aمحمد على السيد
245 1 0 _aكعاكيب سكر /
_cمحمد على السيد
260 _a[S.N] :
_bالهيئة القومية للبحث العلمى ،
_c1991
300 _a93 ص
490 _a
650 0 4 _aالادب العربى
650 0 4 _aالقصص العربية القصيرة
942 _2ddc
_cBK
999 _c56184
_d56184